000 03171nam a22002657a 4500
001 216218906
003 UA-OsUOA
005 20210103160533.0
008 200721b un ||||| m||| 00| 0 ukr d
040 _aUA-OsUOA
_bukr
_cUA-OsUOA
_dUA-OsUOA
041 _aukr
080 _a82.091:821.161.1+821.161.2
090 _a82.091:821.161.1+821.161.2
095 _a10.01.05
_bпорівняльне літературознавство
100 _aСтребкова І. О.
245 _aПроблеми порівняльного аналізу стилю Тодося Осьмачки й Миколи Гоголя: типологічний та індивідуальний вимір
_cСтребкова Ірина Олександрівна ; наук. керівник Михед Павло Володимирович
260 _aКиїв
_c2016
300 _a20 с.
502 _6Автореферат дисертації на здобуття наукового ступеня кандидата філологічних наук
_cІнститут літератури ім. Т. Г. Шевченка
_d2016
520 _aДисертація присвячена комплексному порівняльному аналізу стилю Тодося Осьмачки й Миколи Гоголя. У ході дослідження було простежено типологічну близькість письменників крізь призму національної картини світу, що дозволило виявити гоголівський інтертекст у творах Осьмачки на генетико-контактному рівні. Установлено, що національно маркований стиль бароко та необароко в картинах світу Гоголя й Осьмачки розкривається через категорії світобудови, християнства, храму, фантастики, містики й онірики. Доведено, що народна культура та фольклорна основа стали основними формами наративної трансформації в оповідних структурах. Логіка дослідження спрямована на виявлення спільного народного ґрунту. Фокусування на генетичній спорідненості засвідчило, що зв’язок між творчістю Гоголя й Осьмачки оприявнюєгься через національну ідентичність (українськість) письменників, схожість психотипів особистостей-митців та національно маркований стиль письма.
650 _2UDC
_a82 Література. Літературознавство
942 _2udc
_cAR
955 _a1
999 _c460810
_d460810